000 00536nam a2200229Ia 4500
003 OSt
005 20220924133751.0
006 a|||||r|||| 00| 0
007 ta
008 220923b |||||||| |||| 00| 0 snd d
024 _a268688
037 _cTextual
040 _aARTS
_cARTS
_bsnd
041 _2snd
_asnd
082 _aP1593, K0
100 _aAsrani
_9207281
245 0 _aCharchan ji chatni
260 _c1960
300 _a123p.
_ccm.
942 _hP1593, K0
_cTEXL
_2CC
999 _c435091
_d435091